00291nam a2200121Ia 4500008004100000100002100041245003800062260002800100300000700128650001000135942000700145999001700152190216s9999||||xx |||||||||||||| ||und|| aSudarshan Bhatia 0aHindi-Siskiyam Thya Anyakahaniyam bLakshya Prakashanc2008 a66 aHindi cBK c16578d16578